Responses for Show #4740 - Friday, March 25, 2005

2005 Ultimate Tournament of Champions Round 1, game 33.

Contestants

[<< previous game]

Bob Blake, an actuary from Vancouver, British Columbia, Canada

John Cuthbertson, an investment analyst from San Diego, California

Bruce Ikawa, a college professor from Hillsdale, Michigan

[next game >>]

Jeopardy! Round responses

MARINE BIOLOGY
TV SPIN-OFFS
OLYMPIC MASCOTS
BE A POTATO HEAD
A MANN CALLED HORACE
SOFT "CEL"
    $200 11
the shark

John
    $200 6
(Bruce: What is All in the Family?)

Friends

BruceBob
    $200 19
a snowman

John
    $200 26
Ireland

John
    $200 16
Massachusetts

Bob
    $200 1
celery

Bruce
    $400 12
eyes

Bob
    $400 7
(Bob: What is... ooh.)

Barney Miller

BruceBob
    $400 20
Sam

Triple Stumper
    $400 27
batteries

John
    $400 17
Brown University

Bob
    $400 2
priceless

John
    $600 13
(Jacques-Yves) Cousteau

Bob
    $600 8
The Carol Burnett Show

Bob
    $600 21
Athena

Triple Stumper
    $600 28
an ocarina

Bob
    $600 18
humanity

John
    $600 3
ocelot

Bob
    $800 14
a crab

Bob
    $800 9
The Mary Tyler Moore Show

Bob
    $1,600 22
(Alex: [*], yes, not far from Bob's home.)

Calgary (Alberta)

John
    $800 29
Van Gogh

John
    $800 24
truth

Bob
    $800 4
the Chancellor of the Exchequer

John
    $1000 15
a dugong

Bob
    $1000 10
The Tracey Ullman Show

John
    $1000 23
an echidna

John
    $1000 30
Maine

Bruce
    $1000 25
Whig

Bob
    $1000 5
Barcelona

Bob

Scores at the first commercial break (after clue 15):

Bruce John Bob
$400 $2,400 $5,600

Scores at the end of the Jeopardy! Round:

Bruce John Bob
$1,400 $7,200 $8,600

Double Jeopardy! Round responses

NEW YORK CITY MAYORS
OSCAR-WINNING ACTRESSES
"SO" FAR AWAY
PUT OUT THE GOOD SILVER
MOZART & FRIENDS
NUMERICAL PHRASES
    $400 1
Bloomberg

Bob
    $400 16
Hilary Swank

Bob
    $400 21
(Bob: What's Lesotho?)

Somalia

JohnBob
    $400 26
the melting point

John
    $400 3
Bach

John
    $400 11
10-4

Bob
    $800 2
South Africa

John
    $800 17
Katharine Hepburn

Bob
    $800 22
Sofia

John
    $800 27
isotopes

John
    $800 4
Salieri

Bob
    $800 12
[ERRATUM: Alex gave as the correct response an abbreviated form of the train's name. While the play and film set aboard the train were titled Twentieth Century, the actual name of the train was Twentieth Century Limited.]

the Twentieth Century

Triple Stumper
    $1200 8
Giuliani

Bruce
    $1200 18
Louise Fletcher

Bob
    $1200 23
the Solomon Islands

John
    $1200 28
photography

John
    $1200 5
the Masons

Bruce
    $4,000 13
(Bob: Uh, those were, uh, Luther's... [Under breath] is it... [Normal voice] [*]?)
[Obvious edit]
(Alex: Bob, you just dodged a big bullet. It's a good thing you added "Is it [*]?" because otherwise we'd have had to rule against you.)

the 95 Theses

Bob
    $1600 9
Ed Koch

John
    $1600 19
(Alex: The Three Faces of Eve.)

Joanne Woodward

Bruce
    $1600 24
Sonoma

John
    $1600 29
heat & electricity

John
    $1600 6
a concerto

John
    $1600 14
"54-40 or fight!"

John
    $2000 10
William Randolph Hearst

Triple Stumper
    $2000 20
(John: Who is Frances Dormand? [Cringes])

Frances McDormand

BruceJohn
    $2000 25
Somerset

Bob
    $2,800 30
malleability

John
    $2000 7
a castrato

John
    $2000 15
Seven Against Thebes

Bruce

Scores at the end of the Double Jeopardy! Round:

Bruce John Bob
$9,400 $24,000 $18,200

[wagering suggestions for these scores]

Final Jeopardy! Round responses

12-LETTER WORDS
(Bruce: Not even the right number of letters.)
...
(Alex: The word we were going for was [*].)
(John: Really?)
(Alex: Yes, really.)
(John: Wow.)
BruceWhat is analgecic
$9,399
Bobwhat
$8,000
JohnWhat ? ?
$12,500
aromatherapy

Final scores:

Bruce John Bob
$1 $11,500 $10,200
3rd place: $5,000 Winner: $15,000 + an advance to UToC Round 2 2nd place: $5,000

Game dynamics:

Coryat scores:

Bruce John Bob
$9,400 $22,400 $15,400
8 R,
1 W
26 R
(including 2 DDs),
1 W
22 R
(including 1 DD),
2 W

Combined Coryat: $47,200

[game clues] [game scores] [suggest correction]

Game tape date: 2005-03-01
The J! Archive is created by fans, for fans. Scraping, republication, monetization, and malicious use prohibited; this site may use cookies and collect identifying information. See terms. The Jeopardy! game show and all elements thereof, including but not limited to copyright and trademark thereto, are the property of Jeopardy Productions, Inc. and are protected under law. This website is not affiliated with, sponsored by, or operated by Jeopardy Productions, Inc. Join the discussion at JBoard.tv.